[Event "ch-PriFO"]
[Site "Kazan RUS"]
[Date "2009.01.28"]
[Round "8"]
[White "Ibragimov,Az"]
[Black "Hamidullin,A"]
[Result "1-0"]
[WhiteElo "1966"]
[BlackElo "2241"]

1.d4 d5 2.c4 Nc6 3.Nf3 Bg4 4.e3 e5 5.dxe5 d4 6.Be2 Bb4+ 7.Bd2 d3 8.Bf1 Nge7
9.Qb3 Bxf3 10.gxf3 Bxd2+ 11.Nxd2 Nxe5 12.f4 N5c6 13.Bxd3 Qd6 14.Ne4 Qb4+
15.Qxb4 Nxb4 16.Bb1 f5 17.Ng5 g6 18.h4 h6 19.Nf3 Kf7 20.a3 Nbc6 21.Ba2 Kf6
22.Ke2 Rad8 23.Rag1 b6 24.h5 Rdg8 25.c5 Rg7 26.cxb6 axb6 27.hxg6 Rxg6 28.Rd1 Rg7
29.Bb1 h5 30.Rd7  1-0

[Event "7th Gibtelecom Masters"]
[Site "Caleta ENG"]
[Date "2009.02.02"]
[Round "7"]
[White "Tscharotschkin,M"]
[Black "Spanton,T"]
[Result "0-1"]
[WhiteElo "2247"]
[BlackElo "2008"]

1.d4 d5 2.c4 Nc6 3.cxd5 Qxd5 4.e3 e5 5.Nc3 Bb4 6.Bd2 Bxc3 7.Bxc3 exd4 8.Ne2 Nf6
9.Nxd4 O-O 10.Nxc6 Qxc6 11.Rc1 Qb6 12.Bd3 Bg4 13.Qa4 Rfd8 14.Bd4 Qd6 15.O-O Bd7
16.Qc2 Bc6 17.Bxf6 Qxf6 18.Bxh7+ Kh8 19.Be4 Bxe4 20.Qxe4 Qxb2 21.Rxc7 Qxa2
22.Rxb7 a5 23.h3 a4 24.Rfb1 a3 25.R7b5 Qe2 26.Qh4+ Kg8 27.R1b4 a2 28.Ra4 Qd1+
29.Kh2 Rxa4  0-1

[Event "7th Gibtelecom Masters"]
[Site "Caleta ENG"]
[Date "2009.02.03"]
[Round "8"]
[White "Ogada Osir,I"]
[Black "Helin,M"]
[Result "1-0"]
[WhiteElo "2110"]
[BlackElo "1974"]

1.d4 d5 2.c4 Nc6 3.Nf3 Bg4 4.e3 e6 5.Nc3 Nf6 6.cxd5 exd5 7.Be2 a6 8.O-O h5
9.h3 Bf5 10.Ne5 g5 11.f3 h4 12.Qa4 Qc8 13.e4 b5 14.Qd1 Bd7 15.exd5 Nxe5 16.dxe5 Bc5+
17.Kh2 Nh5 18.Ne4 Bf8 19.Bxg5 Rg8 20.f4 Rxg5 21.fxg5 Ng3 22.Nxg3 hxg3+ 23.Kxg3 Bg7
24.Qd4 Qd8 25.Rf6 Qe7 26.Bf3 O-O-O 27.d6 Qf8 28.dxc7 Bxf6 29.cxd8=Q+ Bxd8
30.Rc1+ Bc7 31.Qb6 Bc6 32.Qxc6 Qe7 33.Qxc7+ Qxc7 34.Rxc7+ Kxc7 35.h4 Kd7
36.Bd5 Ke7 37.h5  1-0

[Event "FSIM February"]
[Site "Budapest HUN"]
[Date "2009.02.08"]
[Round "2"]
[White "Bacso,G"]
[Black "Lyell,M"]
[Result "0-1"]
[WhiteElo "2123"]
[BlackElo "2287"]

1.d4 d5 2.c4 Nc6 3.Nf3 e5 4.dxe5 d4 5.g3 Nge7 6.Bg2 Ng6 7.O-O Ngxe5 8.Nbd2 Be7
9.Qa4 O-O 10.Nxe5 Nxe5 11.Nf3 Bf6 12.Bf4 Ng6 13.Bd2 Bd7 14.Qb3 Bc6 15.Rad1 Qd7
16.Qc2 Rfe8 17.Bb4 Be4 18.Qd2 Qc6 19.Rc1 Rad8 20.Ne1 Bxg2 21.Nxg2 d3 22.Ne3 Qe4
23.exd3 Rxd3 24.Qc2 Ne5 25.Ng2 Nf3+ 26.Kh1 Red8 27.Qa4 Bg5 28.Rcd1 Qe2 29.Rb1 h5
30.Bc5 b6 31.Be3 Bxe3 32.fxe3 Rd2 33.Rg1 Nxg1 34.Rxg1 Qf3  0-1

[Event "10th EICC w"]
[Site "St Petersburg RUS"]
[Date "2009.03.08"]
[Round "1"]
[White "Dzagnidze,N"]
[Black "Akatova,E"]
[Result "1-0"]
[WhiteElo "2518"]
[BlackElo "2261"]

1.d4 d5 2.c4 Nc6 3.Nc3 dxc4 4.d5 Ne5 5.Bf4 Ng6 6.Bg3 a6 7.e4 b5 8.Nf3 e5
9.Nxe5 Nxe5 10.Bxe5 Nf6 11.Qd4 Bb4 12.Be2 O-O 13.O-O Re8 14.a4 Nd7 15.Bg3 Bc5
16.Qd2 b4 17.Na2 Rxe4 18.Bf3 Rd4 19.Qe2 Bb7 20.Rfd1 Rxd1+ 21.Rxd1 a5 22.Qxc4 Bd6
23.Nc1 Bxg3 24.hxg3 Ne5 25.Qc5 Qd6 26.Nb3 Nd7 27.Qc2 g6 28.Nd4 Qc5 29.Qxc5 Nxc5
30.Rc1 Na6 31.Nb3 Rd8 32.Nxa5 Ba8 33.Nc6 Rd6 34.Be2 Bxc6 35.Rxc6 Rxc6 36.dxc6 Nc5
37.a5 Na4 38.b3 Nc3 39.Bc4  1-0

[Event "10th EICC"]
[Site "Budva MNE"]
[Date "2009.03.11"]
[Round "6"]
[White "Doric,D"]
[Black "Aleskerov,F"]
[Result "1-0"]
[WhiteElo "2477"]
[BlackElo "2340"]

1.d4 d5 2.c4 Nc6 3.Nc3 e5 4.cxd5 Nxd4 5.f4 Qf6 6.e3 Nf5 7.Bb5+ Kd8 8.fxe5 Qh4+
9.g3 Nxg3 10.Nf3 Qh5 11.Rg1 Nf5 12.e4 Nfh6 13.Rg5 Qh3 14.e6 f6 15.Bf1 Qxf1+
16.Kxf1 fxg5 17.Bxg5+ Be7 18.Qd4 Nf6 19.Bxh6 gxh6 20.Ne5  1-0

[Event "10th EICC"]
[Site "Budva MNE"]
[Date "2009.03.15"]
[Round "9"]
[White "Kunin,V"]
[Black "Porat,I"]
[Result "0-1"]
[WhiteElo "2546"]
[BlackElo "2353"]

1.d4 d5 2.c4 Nc6 3.Nc3 Nf6 4.Nf3 Bf5 5.cxd5 Nxd5 6.Qb3 e6 7.e4 Nxc3 8.exf5 Nd5
9.Bd2 Bb4 10.Bxb4 Ndxb4 11.fxe6 fxe6 12.Bc4 Qd6 13.O-O O-O-O 14.Ng5 Nxd4
15.Qa4 Qc5 16.Nf7 b5 17.Bxb5 Qxb5 18.Qxa7 Qa6 19.Qxa6+ Nxa6 20.Nxh8 Rxh8
21.Rfd1 Ne2+ 22.Kf1 Nf4 23.Rac1 Nb4 24.Rc4 Nbd5 25.Re4 Rf8 26.g3 Nh3 27.f4 Ng5
28.Re5 h6 29.Kg2 Nf7 30.Rxe6 Nd8 31.Re4 c6 32.Rd3 Kd7 33.b4 Ne6 34.a4 Kd6
35.a5 Nc7 36.g4 g6 37.Kg3 Na6 38.Rd2 Rb8 39.f5 gxf5 40.gxf5 Nxb4 41.Re6+ Kc5
42.Rxh6 Ne3 43.Rf2 Nbd5 44.h3 Ne7 45.Rh5 Rg8+ 46.Kf4 N7xf5 47.a6 Nd5+ 48.Kf3 Nd4+
49.Ke4 Rg3 50.Rxd5+ cxd5+ 51.Kf4 Rxh3 52.Ra2 Rh8 53.a7 Ra8 54.Ra1 Nc6 55.Rc1+ Kd6  0-1

[Event "10th EICC"]
[Site "Budva MNE"]
[Date "2009.03.17"]
[Round "11"]
[White "Bonte,An"]
[Black "Chibukhchian,A"]
[Result "0-1"]
[WhiteElo "2335"]
[BlackElo "2444"]

1.d4 d5 2.c4 Nc6 3.e3 e5 4.dxe5 d4 5.a3 a5 6.Nf3 Bc5 7.exd4 Bxd4 8.Be2 Nge7
9.O-O O-O 10.Bg5 Bxb2 11.Ra2 Qxd1 12.Rxd1 f6 13.Rxb2 fxg5 14.Nxg5 Nxe5 15.Nc3 Ra6
16.Rb5 N7g6 17.Nf3 Nd7 18.c5 Nf4 19.Bc4+ Kh8 20.Ne4 Rg6 21.Neg5 h6 22.Nf7+ Kh7
23.c6 Rxc6 24.Ba2 Ne2+ 25.Kf1 Nc3 26.N7e5 Nxe5 27.Nxe5 Nxb5  0-1

[Event "Copa Ajedrez Plus"]
[Site "Ramos Mejia ARG"]
[Date "2009.03.18"]
[Round "7"]
[White "Barrionuevo,P"]
[Black "Valiente,C"]
[Result "1-0"]
[WhiteElo "2327"]
[BlackElo "2254"]

1.d4 d5 2.c4 Nc6 3.cxd5 Qxd5 4.e3 e5 5.Nc3 Bb4 6.Bd2 Bxc3 7.bxc3 Nge7 8.f3 Qd6
9.Bd3 O-O 10.Ne2 Be6 11.Qb1 f5 12.Qxb7 f4 13.Qb1 fxe3 14.Bxe3 Nd5 15.Bf2 Rab8
16.Qc1 exd4 17.cxd4 Ncb4 18.Bb1 Bf5 19.O-O Nd3 20.Bxd3 Bxd3 21.Re1 Bxe2 22.Rxe2 Nf4
23.Qc4+ Kh8 24.Rc2 Nd5 25.Re1 Rb4 26.Qc5 h6 27.Qxa7 Rb6 28.Qa4 Qg6 29.Bg3 Rb4
30.Qc6 Rf6 31.Qe8+ Kh7 32.Qe4 c6 33.Be5 Re6 34.Qxg6+ Kxg6 35.Rec1 Rb6 36.g4 Nf6
37.Kf2 Kf7 38.Kg3 Ra6 39.Rb1 g5 40.Rb7+ Re7 41.Rxe7+ Kxe7 42.Bxf6+ Kxf6 43.Rc5 Ke6
44.a4 Kd6 45.a5 Ra8 46.h4 Rg8 47.hxg5 hxg5 48.a6 Rg7 49.Ra5 Ra7 50.f4 gxf4+
51.Kxf4  1-0

[Event "TCh-AUT 1st Bundesliga 2008-9"]
[Site "Ansfelden AUT"]
[Date "2009.03.19"]
[Round "8"]
[White "Kunin,V"]
[Black "Volkmann,F"]
[Result "0-1"]
[WhiteElo "2546"]
[BlackElo "2444"]

1.d4 d5 2.c4 Nc6 3.Nc3 dxc4 4.Nf3 Nf6 5.e3 Bg4 6.Bxc4 e6 7.Bb5 Qd7 8.h3 Bxf3
9.Qxf3 Nd5 10.Bd2 a6 11.Ba4 Bb4 12.Rc1 O-O 13.O-O b5 14.Bb3 Nde7 15.a3 Ba5
16.Rfd1 e5 17.Nd5 Bxd2 18.Rxd2 Qd6 19.Rdc2 Kh8 20.Nxe7 Nxe7 21.Rxc7 exd4
22.exd4 Rad8 23.Qe4 Rd7 24.Qb7 Rfd8 25.Rxd7 Rxd7 26.Qf3 f5 27.Re1 g6 28.d5 Qf6
29.Re6 Qxb2 30.d6 Qc1+ 31.Kh2 Nc6 32.Qg3 Qd2 33.Qh4 g5 34.Re8+ Kg7 35.Rg8+ Kf6
36.Qh6+ Ke5 37.Qe6+ Kd4 38.Qxf5 Qf4+ 39.Qxf4+ gxf4 40.Rg4 Kc3 41.Bg8 Kb2
42.Rxf4 Kxa3 43.Rf6 a5 44.Rh6 a4 45.Bxh7 Kb2 46.Bf5 Rd8 47.d7 Nd4 48.Rd6 Nxf5
49.Rd5 b4 50.Rxf5 a3  0-1

[Event "3rd Georgi Agzamov Mem"]
[Site "Tashkent AZE"]
[Date "2009.03.20"]
[Round "5"]
[White "Golod,V"]
[Black "Holmirzaev,B"]
[Result "1-0"]
[WhiteElo "2575"]
[BlackElo "2251"]

1.d4 d5 2.c4 Nc6 3.Nf3 Bg4 4.cxd5 Bxf3 5.gxf3 Qxd5 6.e3 e5 7.Nc3 Bb4 8.Bd2 Bxc3
9.bxc3 Qd6 10.Rb1 Rb8 11.Rg1 Nge7 12.f4 exf4 13.Rxg7 Ng6 14.Qh5 Qf6 15.Rxh7 Rxh7
16.Qxh7 Ke7 17.Qh5 b6 18.h3 Rg8 19.e4 Kf8 20.Rb5 Nce7 21.Qg4 a6 22.Rh5 Qc6
23.Qe2 a5 24.f3 Qf6 25.Kd1 Rh8 26.Rxh8+ Qxh8 27.Qb5 Qh4 28.Be1 Qf6 29.Qd7 Nh4
30.e5 Qg5 31.Qg4 Qxg4 32.fxg4 Nf3 33.Bf2 Ng5 34.Ke2 f6 35.exf6 Nd5 36.Kd3 Kf7
37.h4 Ne6 38.g5 f3 39.a3 b5 40.Be1 c6 41.Ke4 f2 42.Bxf2 Nxc3+ 43.Kf5 Nf8
44.h5 Nd5 45.g6+ Kg8 46.Bg2 b4 47.Bxd5+ cxd5 48.axb4 axb4 49.h6  1-0

[Event "Copa Ajedrez Plus"]
[Site "Ramos Mejia ARG"]
[Date "2009.03.22"]
[Round "11"]
[White "Mayorga,N"]
[Black "Valiente,C"]
[Result "0-1"]
[WhiteElo "2306"]
[BlackElo "2254"]

1.d4 d5 2.c4 Nc6 3.e3 e5 4.dxe5 dxc4 5.Qxd8+ Kxd8 6.Nf3 Be6 7.Nc3 Nge7 8.e4 Ng6
9.Bg5+ Be7 10.O-O-O+ Ke8 11.Bxe7 Kxe7 12.Nd5+ Bxd5 13.Rxd5 Rhe8 14.Bxc4 Kf8
15.e6 Rxe6 16.Ng5 Re5 17.Nxf7 Rxe4 18.Bd3 Rg4 19.Ng5 Nce7 20.Rc5 b6 21.Nxh7+ Kf7
22.Bc4+ Ke8 23.Rxc7 Kd8 24.Be2 Rh4 25.Rc3 Rxh7 26.Bb5 Rh5 27.Rd1+ Rd5 28.Rxd5+ Nxd5
29.Rg3 Nde7 30.Rd3+ Kc8 31.g3 a6 32.Be8 Ne5 33.Re3 N7c6 34.f4 Kc7 35.Bh5 Rh8
36.Be2 Nd7 37.h4 b5 38.Kd2 Nf6 39.Bf3 Rd8+ 40.Rd3 Nd4 41.Bd1 Nf5 42.Rxd8 Kxd8
43.g4 Nxh4 44.Ke3 Ng2+ 45.Kf3 Nxg4 46.Be2 N4e3 47.b3 Nd5 48.f5 Nge3 49.Ke4 Ke7
50.a4 Nc3+ 51.Kxe3 Nxe2 52.Kxe2 Kf6  0-1

[Event "TCh-HUN 2008-9"]
[Site "Budapest HUN"]
[Date "2009.04.05"]
[Round "10"]
[White "Kahn,E"]
[Black "Bors,T"]
[Result "0-1"]
[WhiteElo "2297"]
[BlackElo "2261"]

1.d4 d5 2.c4 Nc6 3.Nc3 Nf6 4.cxd5 Nxd5 5.e4 Nxc3 6.bxc3 e5 7.d5 Nb8 8.Be3 Bd6
9.Bb5+ Nd7 10.Nf3 O-O 11.O-O Qe7 12.Nd2 Nc5 13.Be2 f5 14.exf5 Bxf5 15.Nb3 Ne4
16.Qe1 b6 17.f3 Nf6 18.c4 Kh8 19.Rd1 a5 20.c5 bxc5 21.Qc3 Qf7 22.Bc4 e4 23.f4 Ng4
24.Bxc5 a4 25.Bxd6 cxd6 26.Nd4 Rac8 27.Nc6 Bd7 28.Qd4 Rfe8 29.Ba6 Rc7 30.Qb6 Bxc6
31.dxc6 d5 32.h3 Nf6 33.Bb5 a3 34.Qc5 Ra8 35.Rb1 h6 36.g4 Qe6 37.Rb3 Re8
38.g5 hxg5 39.fxg5 Nh7 40.Rg3 Qe5 41.Rg4 Nxg5 42.Rf8+ Rxf8 43.Qxf8+ Kh7 44.Be2 Rxc6
45.Qxa3 Rh6 46.h4 Ne6 47.Qe7 Qa1+ 48.Kh2 Qxa2 49.Rg2 Qa1 50.Bg4 Qf6 51.Qxf6 Rxf6
52.Rd2 Nf4 53.Kg3 Kh6 54.Rd4 g5 55.hxg5+ Kxg5 56.Ra4 Rb6 57.Bd1 Kf5 58.Ra8 Rg6+
59.Kf2 Ke5 60.Ra5 Nh3+ 61.Ke3 Rg3+ 62.Ke2 e3 63.Ra8 Nf4+ 64.Kf1 Rh3 65.Kg1 d4
66.Rd8 d3 67.Re8+ Kd4 68.Ba4 Kc3 69.Bb5 Kd2 70.Ra8 Rg3+ 71.Kh2 Rg2+ 72.Kh1 e2
73.Ra2+ Ke3 74.Ra1 Rg5 75.Ba6 Kf2  0-1

[Event "11th European Senior Team"]
[Site "Velden AUT"]
[Date "2009.04.06"]
[Round "2"]
[White "Oud,N"]
[Black "Hurme,H"]
[Result "0-1"]
[WhiteElo "2022"]
[BlackElo "2241"]

1.d4 d5 2.c4 Nc6 3.cxd5 Qxd5 4.Nf3 e5 5.dxe5 Qxd1+ 6.Kxd1 Bg4 7.Bf4 O-O-O+
8.Nbd2 Nge7 9.Rc1 Ng6 10.Bg5 Rd7 11.Kc2 h6 12.Be3 Bf5+ 13.Kd1 Ngxe5 14.Nxe5 Nxe5
15.Ke1 Ng4 16.Nb3 Bb4+ 17.Bd2 Bxd2+ 18.Nxd2 Nxf2 19.Rg1 Re8 20.Kxf2 Rxd2
21.g4 Bg6 22.Rg3 Rxb2 23.a3 b6 24.h4 c5 25.Rcc3 Kc7 26.h5 Be4 27.g5 Bd5 28.gxh6 gxh6
29.Rg7 Re5 30.Rh3 Rf5+  0-1

[Event "11th European Senior Team"]
[Site "Velden AUT"]
[Date "2009.04.08"]
[Round "4"]
[White "Hohler,P"]
[Black "Hurme,H"]
[Result "1/2-1/2"]
[WhiteElo "2207"]
[BlackElo "2241"]

1.d4 d5 2.c4 Nc6 3.cxd5 Qxd5 4.e3 e5 5.Nc3 Bb4 6.Bd2 Bxc3 7.bxc3 Nf6 8.f3 Qd6
9.Ne2 O-O 10.Ng3 Re8 11.Be2 h5 12.O-O h4 13.Ne4 Nxe4 14.fxe4 exd4 15.exd4 Rxe4
16.Bd3 Rg4 17.Qf3 Be6 18.Rae1 Rd8 19.Rxe6 Qxe6 20.Bf5 Qxa2 21.Bxg4 Qxd2 22.Qxf7+ Kh8
23.h3 Qe3+ 24.Kh1 Ne7 25.Qh5+ Qh6 26.Qc5 Qd6 27.Qh5+ Qh6 28.Qc5 Qd6 29.Qh5+ Qh6  1/2-1/2

[Event "47th Doeberl Cup Premier"]
[Site "Canberra AUS"]
[Date "2009.04.09"]
[Round "2"]
[White "West,G"]
[Black "Fitzpatrick,A"]
[Result "1-0"]
[WhiteElo "2343"]
[BlackElo "2022"]

1.d4 d5 2.c4 Nc6 3.Nc3 e6 4.Nf3 Nf6 5.Bg5 Be7 6.e3 O-O 7.Qb1 h6 8.Bh4 dxc4
9.Bxc4 Nd5 10.Bg3 a6 11.O-O b5 12.Nxd5 exd5 13.Bd3 Na5 14.Qe1 Nc4 15.b3 Nd6
16.Rc1 h5 17.h3 h4 18.Bh2 Bd7 19.Qa5 Ra7 20.Rc2 Ne8 21.Rfc1 Bd6 22.Bxd6 Nxd6
23.Ne5 Be6 24.Nc6 Qg5 25.Nxa7 Bxh3 26.f4 Qg3 27.Qe1  1-0

[Event "Knut Bockman Cup"]
[Site "Oslo NOR"]
[Date "2009.04.10"]
[Round "6"]
[White "Andersen,G"]
[Black "Levang,P"]
[Result "0-1"]
[WhiteElo "1788"]
[BlackElo "2010"]

1.d4 d5 2.c4 Nc6 3.Nc3 e5 4.cxd5 Nxd4 5.e4 Bb4 6.Bd3 Qf6 7.Qa4+ c6 8.Qxb4 Qg6
9.g3 Ne7 10.d6 Nd5 11.Nxd5 cxd5 12.Be3 Nc6 13.Qa3 d4 14.Bd2 O-O 15.f3 Rd8
16.Ne2 Bh3 17.Bb5 Rxd6 18.Qd3 Nd8 19.g4 Rf6 20.Ng3 a6 21.Bd7 Rb6 22.Nf5 Kh8
23.b4 Ne6 24.Ne7 Qf6 25.Nd5 Qh4+ 26.Ke2 Rd6 27.Bxe6 fxe6 28.Nc7 Rf8 29.Rag1 h5
30.g5 Rc6 31.g6 Qe7 32.Nxa6 Rxa6 33.Qb3 Rfa8 34.Rg3 Rxa2 35.Rc1 d3+ 36.Ke1 Rxd2
37.Kxd2 h4 38.Qc4 Rd8 39.Rgg1 Qf6 40.Qc5 Qf4+ 41.Qe3 Qxh2+ 42.Kc3 Qa2 43.Rb1 Qc2+  0-1

[Event "47th Doeberl Cup Premier"]
[Site "Canberra AUS"]
[Date "2009.04.11"]
[Round "5"]
[White "Holland,D"]
[Black "Davis,T2"]
[Result "1/2-1/2"]
[WhiteElo "1963"]
[BlackElo "1983"]

1.d4 d5 2.c4 Nc6 3.e3 e5 4.dxe5 d4 5.exd4 Qxd4 6.Qxd4 Nxd4 7.Bd3 Be6 8.b3 O-O-O
9.Bb2 Nxb3 10.axb3 Rxd3 11.Nc3 Bb4 12.Rc1 Ne7 13.Ke2 Rhd8 14.Nf3 Nc6 15.Rhd1 Rxd1
16.Rxd1 Rxd1 17.Kxd1 Bg4 18.h3 Bh5 19.g4 Bg6 20.Kc1 Bc5 21.Nd1 h6 22.Bc3 Be4
23.Nh4 g6 24.f3 Bd3 25.f4 Bf1 26.e6 fxe6 27.Nxg6 Bxh3 28.g5 hxg5 29.fxg5 Kd7
30.Kd2 Ke8 31.Ne3 Nd4 32.Bxd4 Bxd4 33.Nf4 Bxe3+ 34.Kxe3 Bf5 35.Kd4 a5 36.Ke5 Kf7
37.g6+ Ke7 38.g7 Kf7 39.Nxe6 Bc2 40.Nxc7 Bxb3 41.Kd4 Kxg7 42.Ne8+ Kf8 43.Nd6 b6
44.Nc8 Bxc4 45.Kxc4  1/2-1/2

[Event "47th Doeberl Cup Premier"]
[Site "Canberra AUS"]
[Date "2009.04.12"]
[Round "7"]
[White "Rout,I"]
[Black "Davis,T2"]
[Result "0-1"]
[WhiteElo "1992"]
[BlackElo "1983"]

1.d4 d5 2.c4 Nc6 3.e3 e5 4.dxe5 d4 5.a3 Be6 6.Nf3 dxe3 7.Qxd8+ Rxd8 8.Bxe3 Nge7
9.Be2 Ng6 10.O-O h6 11.Nc3 Ncxe5 12.Nxe5 Nxe5 13.Nb5 Rd7 14.Rad1 a6 15.Rxd7 Kxd7
16.Rd1+ Bd6 17.Nxd6 cxd6 18.c5 d5 19.Bd4 f6 20.f4 Ng6 21.g3 h5 22.Bf3 Bg4
23.Kg2 Re8 24.b4 Kc6 25.h3 Bxf3+ 26.Kxf3 Re4 27.Be3 Ne7 28.g4 hxg4+ 29.hxg4 Rc4
30.Bd4 Kb5 31.f5 Ka4 32.Rd3 Nc6 33.Bb2 Rc2 34.Bc3 Ra2 35.g5 Rxa3 36.Ke2 d4
37.Bd2 Ra2 38.Kd1 Kb5 39.gxf6 gxf6 40.Rh3 Nxb4 41.Bxb4 Kxb4 42.Rh6 Kc3 43.c6 d3  0-1

[Event "ch-WLS"]
[Site "Cardiff WLS"]
[Date "2009.04.13"]
[Round "6"]
[White "Brown,Th"]
[Black "Cunliffe,S"]
[Result "1-0"]
[WhiteElo "2053"]
[BlackElo "1965"]

1.d4 d5 2.c4 Nc6 3.Nc3 dxc4 4.e3 Nf6 5.Bxc4 e6 6.Nf3 Bb4 7.O-O O-O 8.Qe2 Nd5
9.Bd2 Nxc3 10.bxc3 Bd6 11.e4 e5 12.h3 h6 13.Bb5 Qe7 14.Bxc6 bxc6 15.dxe5 Bxe5
16.Nxe5 Qxe5 17.f4 Qc5+ 18.Be3 Qa5 19.f5 Ba6 20.c4 Rfe8 21.Qg4 Kh7 22.Bd4 Rg8
23.e5 Bxc4 24.e6 Qd5 25.Rf4 g6 26.fxg6+  1-0

[Event "Sydney International Open"]
[Site "Parramatta AUS"]
[Date "2009.04.17"]
[Round "6"]
[White "Abbott,P"]
[Black "Davis,T2"]
[Result "0-1"]
[WhiteElo "1893"]
[BlackElo "1983"]

1.d4 d5 2.c4 Nc6 3.Nf3 Bg4 4.cxd5 Bxf3 5.gxf3 Qxd5 6.e3 e5 7.Nc3 Bb4 8.Bd2 Bxc3
9.bxc3 Nf6 10.Rb1 exd4 11.cxd4 O-O 12.Bg2 Rab8 13.Qc2 Rfe8 14.O-O h5 15.Rfc1 a6
16.Qb3 Qd7 17.Qc4 h4 18.h3 Re6 19.Rb2 Nd5 20.Kh1 Rg6 21.Rg1 Nd8 22.Rbb1 b5
23.Qc2 Nb6 24.Bb4 Nc4 25.Qe4 a5 26.Qe7 Qc8 27.Qe8+ Kh7 28.Be1 Qf5 29.Qe4 Qg5
30.f4 Qf6 31.Bf1 Nd6 32.Rxg6 fxg6 33.Qe5 b4 34.Bd3 Qxe5 35.fxe5 Nf5 36.Be4 Ne6
37.a3 Ng5 38.Bxf5 gxf5 39.Kg2 Ne4 40.axb4 a4 41.Ra1 Ra8 42.Ra3 Ra6 43.f3 Rg6+
44.Kh2 Ng5 45.Bf2 Nxf3+ 46.Kh1 Ng5 47.Bxh4 Nxh3 48.Kh2 Ng1 49.Bg3 Ne2 50.Bf2 Ra6
51.Be1 Kg8 52.Bd2 f4 53.Kg2 Rg6+ 54.Kf2 fxe3+ 55.Bxe3 Ng3 56.Rxa4 Ne4+ 57.Kf3 Nc3
58.Ra8+ Kf7 59.Ra5 Rb6 60.Rc5 Nb5 61.Ke4 c6 62.Bd2 Nc7 63.Rc1 Nd5 64.Rf1+ Ke6
65.Rg1 Kf7 66.Rb1 Ke6 67.Kd3 Ra6 68.b5 Rb6 69.Kc4 Nc7 70.Kc5 Rxb5+ 71.Rxb5 Nxb5
72.Kxc6 Nxd4+ 73.Kc5 Nb3+  0-1

[Event "PWC Open"]
[Site "Toronto CAN"]
[Date "2009.04.18"]
[Round "3"]
[White "Schleifer,M"]
[Black "Moffat,A"]
[Result "1/2-1/2"]
[WhiteElo "2339"]
[BlackElo "2132"]

1.d4 d5 2.c4 Nc6 3.Nc3 dxc4 4.d5 Ne5 5.f4 Ng6 6.e4 e5 7.f5 Nf4 8.g3 Nd3+
9.Bxd3 cxd3 10.Qxd3 a6 11.Nf3 Bd6 12.Be3 Nf6 13.h3 Bd7 14.g4 Qe7 15.O-O-O b5
16.Ne2 b4 17.Ng3 Bb5 18.Qd2 Nd7 19.Nh5 f6 20.Kb1 a5 21.g5 O-O-O 22.gxf6 gxf6
23.Rhg1 Rhg8 24.Qc2  1/2-1/2

[Event "4th Open"]
[Site "Angers FRA"]
[Date "2009.04.19"]
[Round "6"]
[White "Letertre,A"]
[Black "Patron,P"]
[Result "1/2-1/2"]
[WhiteElo "1911"]
[BlackElo "2005"]

1.d4 d5 2.c4 Nc6 3.Nf3 Bg4 4.e3 e5 5.cxd5 Qxd5 6.Nc3 Bb4 7.Be2 Bxf3 8.Bxf3 Qc4
9.Be2 Bxc3+ 10.bxc3 Qxc3+ 11.Bd2 Qa3 12.dxe5 Nxe5 13.Qb1 O-O-O 14.Qf5+ Nd7
15.O-O Nf6 16.Rfb1 Qc5 17.Qf3 Nb6 18.Bb4 Qc2 19.Be7 Rd2 20.Bxf6 gxf6 21.Qxf6 Rhd8
22.Bg4+ Kb8 23.Qxf7 Nd7 24.Rc1 Qa4 25.Bf3 Nc5 26.Qe7 Na6 27.Be2 R2d7 28.Qe5 Rd5
29.Qe7  1/2-1/2

[Event "Sydney International Open"]
[Site "Parramatta AUS"]
[Date "2009.04.19"]
[Round "9"]
[White "Holland,D"]
[Black "Abbott,P"]
[Result "1/2-1/2"]
[WhiteElo "1963"]
[BlackElo "1893"]

1.d4 d5 2.c4 Nc6 3.e3 e5 4.dxe5 d4 5.a3 Bf5 6.Nf3 dxe3 7.Qxd8+ Rxd8 8.Bxe3 Nge7
9.Nc3 a6 10.Be2 Ng6 11.O-O Ngxe5 12.Nxe5 Nxe5 13.Rfd1 Be7 14.Rxd8+ Kxd8 15.Rd1+ Kc8
16.Nd5 Bd8 17.h3 Re8 18.b4 Nd7 19.c5 c6 20.Nc3 Bf6 21.Bd4 Bxd4 22.Rxd4 Nf6
23.Kf1 Rd8 24.Rxd8+ Kxd8 25.Bc4 Bg6 26.Ke2 Nd7 27.f4 a5 28.g4 f6 29.f5 Be8
30.Be6 axb4 31.axb4 Nf8 32.Bc4 Kc7 33.Ne4 Bd7 34.Bf7 b6 35.Nd6 g6 36.Kf3 bxc5
37.bxc5 Kd8 38.Ke4 Bc8 39.Nxc8 Kxc8 40.Bg8 g5 41.Kd4 Kb7 42.Kc4 h6 43.Be6 Nh7
44.Bd7 Nf8 45.Be8 Nh7 46.Kb4 Kc7 47.Ka5 Nf8 48.Ka6 Nh7 49.Ka7 Nf8 50.Ka8  1/2-1/2

[Event "PWC Open"]
[Site "Toronto CAN"]
[Date "2009.04.19"]
[Round "5"]
[White "Masse,H"]
[Black "Moffat,A"]
[Result "1-0"]
[WhiteElo "2220"]
[BlackElo "2132"]

1.d4 d5 2.c4 Nc6 3.cxd5 Qxd5 4.e3 e5 5.Nc3 Bb4 6.Bd2 Bxc3 7.Bxc3 Nge7 8.dxe5 Qxd1+
9.Rxd1 Be6 10.a3 O-O 11.Nf3 Nd5 12.Bd4 Nce7 13.e4 Nf4 14.Be3 Neg6 15.Nd4 Rfd8
16.g3 Bg4 17.Rc1 c5 18.Rxc5 Ne6 19.Rd5 Nxd4 20.Bxd4 Bf3 21.Rg1 Bxe4 22.Rxd8+ Rxd8
23.Bc3 Bf3 24.Be2 Nxe5 25.Bxe5 Bxe2 26.Kxe2 Re8 27.f4 f6 28.Kf3 fxe5 29.Re1 Rd8  1-0

[Event "TOP 16 GpA"]
[Site "Mulhouse FRA"]
[Date "2009.04.30"]
[Round "4"]
[White "Lazarev,V"]
[Black "Clery,N"]
[Result "1-0"]
[WhiteElo "2479"]
[BlackElo "2389"]

1.d4 d5 2.c4 Nc6 3.Nc3 dxc4 4.Nf3 Nf6 5.Bg5 h6 6.Bh4 a6 7.d5 Na7 8.e4 Nb5
9.Qa4 c6 10.dxc6 Nxc3 11.cxb7+ Nxa4 12.bxa8=Q e6 13.Qc6+ Bd7 14.Qxc4 Qa5+
15.Nd2 Bb4 16.O-O-O Nb6 17.Qxa6 Qc5+ 18.Nc4 Nc8 19.a3  1-0

[Event "III Open"]
[Site "La Laguna ESP"]
[Date "2009.05.09"]
[Round "7"]
[White "Teske,H"]
[Black "Bukal,V jr"]
[Result "1-0"]
[WhiteElo "2523"]
[BlackElo "2389"]

1.d4 d5 2.c4 Nc6 3.Nc3 dxc4 4.Nf3 Nf6 5.Bg5 h6 6.Bh4 a6 7.e4 Bg4 8.d5 Ne5
9.Bg3 Nfd7 10.Be2 Bxf3 11.gxf3 g5 12.f4 gxf4 13.Bxf4 Bg7 14.Rg1 Ng6 15.Be3 Be5
16.Qd2 Nf6 17.f4 Bxc3 18.Qxc3 Nxe4 19.Qd4 Nf6 20.f5 Nf8 21.Bxc4 Qd6 22.O-O-O N8d7
23.Rge1 Rg8 24.Bf4 Qb6 25.d6 cxd6 26.Bxd6 Qxd4 27.Rxd4 Rc8 28.Bxe7 Rg1 29.Rxg1 Kxe7
30.Re1+ Kf8 31.Kb1 Rc5 32.Bd3 a5 33.Rd6 h5 34.a4 Kg7 35.Bb5  1-0

[Event "31st Banicky kahanec"]
[Site "Prievidza SVK"]
[Date "2009.05.12"]
[Round "10"]
[White "Polak,T"]
[Black "Markos,J"]
[Result "1-0"]
[WhiteElo "2508"]
[BlackElo "2571"]

1.d4 d5 2.c4 Nc6 3.Nf3 Bg4 4.Bg5 h6 5.Bh4 g5 6.Bg3 Bg7 7.cxd5 Bxf3 8.gxf3 Qxd5
9.e3 O-O-O 10.Nc3 Qa5 11.a3 e5 12.b4 Nxb4 13.axb4 Qxb4 14.Bh3+ Kb8 15.O-O Qxc3
16.Qa4 a5 17.Rfb1 Ne7 18.Rxb7+  1-0

[Event "VI Moncada Open"]
[Site "Santiago de Cuba CUB"]
[Date "2009.05.19"]
[Round "4"]
[White "Campos Vila,M"]
[Black "Garcia,Ser"]
[Result "1/2-1/2"]
[WhiteElo "2232"]
[BlackElo "2190"]

1.d4 d5 2.c4 Nc6 3.e3 e5 4.dxe5 d4 5.a3 a5 6.Nf3 Bc5 7.exd4 Nxd4 8.Be3 Bg4
9.Be2 Nxf3+ 10.gxf3 Qxd1+ 11.Bxd1 Bxe3 12.fxe3 Be6 13.Be2 Ne7 14.Nc3 O-O-O
15.Rd1 Rxd1+ 16.Kxd1 Nf5 17.b3 Rd8+ 18.Kc1 Nxe3 19.Rg1 g6 20.a4 Bf5 21.f4 Kb8
22.Rg3 Nc2 23.Nd5 Nd4 24.Bd1 Ne6 25.Ne7 Nxf4 26.Nxf5 gxf5 27.Kc2 Ng6 28.Rg5 f4
29.Rf5 Rd7 30.Bh5 Re7 31.Kd2 c6 32.Bxg6 fxg6 33.Rg5 Re6 34.Rg4 Rxe5 35.Rxf4 Ka7
36.h4 Kb6 37.Kd3 Rf5 38.Re4 Rf3+ 39.Kc2 Rh3 40.Kb2 Rh2+ 41.Ka3 Rh1 42.Kb2 Kc5
43.Re7 b6 44.Rxh7 Kb4 45.Rb7 Rh2+ 46.Kb1 b5 47.cxb5 c5 48.Re7 Kxb3 49.Re3+ Kxa4
50.b6 Rh1+ 51.Ka2 Rxh4 52.Re6 g5 53.Rg6 g4 54.Rc6 Kb5 55.Rg6 Ka6 56.Ka3  1/2-1/2

[Event "18th CRO-Cup"]
[Site "Sibenik CRO"]
[Date "2009.05.22"]
[Round "3"]
[White "Lalic,B"]
[Black "Njirjak,J"]
[Result "1-0"]
[WhiteElo "2508"]
[BlackElo "2381"]

1.d4 d5 2.c4 Nc6 3.Nc3 dxc4 4.Nf3 Nf6 5.Bg5 h6 6.Bxf6 exf6 7.e3 Bd6 8.Bxc4 O-O
9.O-O f5 10.h3 a6 11.a3 Ne7 12.Qc2 b5 13.Be2 Be6 14.Rfd1 Qb8 15.b4 c6 16.Ne1 a5
17.Nd3 Nd5 18.Bf3 Qa7 19.Rab1 Rfc8 20.Nc5 Nxc3 21.Qxc3 axb4 22.axb4 Qa3 23.Qxa3 Rxa3
24.Ra1 Rc3 25.Ra6 Rc4 26.Bxc6 Bf8 27.Rb1 f4 28.Bxb5 fxe3 29.fxe3 Rc3 30.Nxe6 fxe6
31.Bd7 Rc1+ 32.Rxc1 Rxc1+ 33.Kf2 e5 34.Be6+ Kh7 35.b5 Rc2+ 36.Kf3 Rb2 37.Ra8 Bd6
38.Bg8+ Kh8 39.Bc4+ Kh7 40.Bd3+  1-0

[Event "18th CRO-Cup"]
[Site "Sibenik CRO"]
[Date "2009.05.23"]
[Round "4"]
[White "Kruljac,P"]
[Black "Brenc,T"]
[Result "0-1"]
[WhiteElo "2103"]
[BlackElo "2093"]

1.d4 d5 2.c4 Nc6 3.Nc3 e5 4.cxd5 Nxd4 5.e3 Nf5 6.Bb5+ Bd7 7.Qb3 Rb8 8.Nf3 Bd6
9.Ne4 a6 10.Nxd6+ cxd6 11.Bd3 Nfe7 12.e4 f5 13.Bg5 h6 14.Bxe7 Nxe7 15.Qb4 fxe4
16.Bxe4 Bf5 17.Nd2 O-O 18.O-O b5 19.Rac1 Kh8 20.Bxf5 Nxf5 21.Ne4 a5 22.Qc3 Nd4
23.Qd3 Rf4 24.Ng3 Qf8 25.f3 Qf7 26.Kh1 h5 27.Rc3 h4 28.Rfc1 Rf8 29.Rc7 Qe8
30.Ne4 Qg6 31.Rf1 h3 32.g3 Rxf3 33.Rxf3 Nxf3  0-1

[Event "18th CRO-Cup"]
[Site "Sibenik CRO"]
[Date "2009.05.24"]
[Round "5"]
[White "Novak,Rat"]
[Black "Juranic,B"]
[Result "0-1"]
[WhiteElo "2230"]
[BlackElo "2234"]

1.d4 d5 2.c4 Nc6 3.cxd5 Qxd5 4.e3 e5 5.Nc3 Bb4 6.Bd2 Bxc3 7.bxc3 Qd6 8.Bb5 Bd7
9.Ne2 Nf6 10.Ng3 Qd5 11.Bf1 Na5 12.Qc2 Nc4 13.e4 Qc6 14.d5 Qc5 15.Bg5 Na3
16.Qb2 Ng4 17.Bc1 Ba4 18.Bd3 Nxf2 19.Qxf2 Qxc3+ 20.Qd2 Qxa1 21.O-O Qd4+ 22.Kh1 Nc4
23.Qe2 Nd6 24.Bb2 Qc5 25.Bxe5 f6 26.Bxd6 cxd6 27.Qg4 O-O 28.Nh5 Qc7 29.e5 fxe5
30.Qxa4 Rxf1+ 31.Bxf1 Rf8 32.Ng3 Qc1 33.Kg1 Qe3+ 34.Kh1 h5 35.Qd1 Qf2 36.Bd3 h4
37.Ne4 Qd4 38.h3 Rf4 39.Ng5 Rf2 40.Ne4 Rxa2 41.Nc3 Qxc3 42.Qh5 Qc1+  0-1